Tuyên ngôn độc lập của Chủ tịch Hồ Chí Minh : Giá trị lý luận và ý nghĩa thời đại.
Gorde:
| Formatua: | Sách giấy |
|---|---|
| Hizkuntza: | Vietnamese |
| Argitaratua: |
H. :
Chính trị Quốc gia,
2010.
|
| Gaiak: | |
| Etiketak: |
Etiketa erantsi
Etiketarik gabe, Izan zaitez lehena erregistro honi etiketa jartzen!
|
| Thư viện lưu trữ: | Thư viện Trường Đại học Đà Lạt |
|---|
| LEADER | 00822nam a2200289 4500 | ||
|---|---|---|---|
| 001 | DLU140162285 | ||
| 005 | ##20140623 | ||
| 040 | # | # | |a DLU |b vie |
| 041 | # | # | |a vie |
| 044 | # | # | |a vn |
| 082 | # | # | |a 335.434 6 |b Tuy |
| 245 | # | # | |a Tuyên ngôn độc lập của Chủ tịch Hồ Chí Minh : |b Giá trị lý luận và ý nghĩa thời đại. |
| 260 | # | # | |a H. : |b Chính trị Quốc gia, |c 2010. |
| 300 | # | # | |a 407 tr. ; |c 24 cm. |
| 600 | # | # | |a Hồ Chí Minh, |d 1890-1969. |t Tuyên ngôn độc lập. |
| 650 | # | # | |a Chủ tịch |z Việt Nam |x Quan điểm chính trị và xã hội. |
| 923 | # | # | |a 01/2014LS |
| 991 | # | # | |a SH |
| 992 | # | # | |a 79000 |
| 994 | # | # | |a KLS |
| 900 | # | # | |a True |
| 911 | # | # | |a Đào Thị Thu Huyền |
| 925 | # | # | |a G |
| 926 | # | # | |a A |
| 927 | # | # | |a SH |
| 980 | # | # | |a Thư viện Trường Đại học Đà Lạt |